000 01084nam a2200361 i 4500
999 _c51619
_d51619
001 51619
003 ES-MaCES
005 20201209122022.0
008 201209s2020 sp f 000|| spad
017 _aV 1670-2020
_bDL
020 _a9788413555690
040 _aES-MaCES
_bspa
_cES-MaCES
100 1 _920380
_aParejo Alfonso, Luciano
245 1 0 _aLecciones de Derecho administrativo
_cLuciano Parejo Alfonso
250 _a10ª ed. [rev., act. y amp.]
260 _aValencia
_bTirant lo Blanch
_c2020
300 _a1519 p.
_c24 cm
490 0 _aManuales
504 _aBibliografía
541 _cCompra
650 4 _aderecho administrativo
_927155
650 4 _aprocedimiento administrativo
_930919
650 4 _aadministración pública
_927214
650 4 _asector público
_927150
650 4 _aderecho comunitario
_929866
650 4 _aUE
_926752
650 4 _aEspaña
_926964
650 4 _amanual
_929264
653 1 0 _aDerecho administrativo
830 0 _aManuales (Tirant lo Blanch (Firma))
_933478
902 _aLIB Libro
942 _2CES
_cBK
_h6.0.2.